000
00282nam a22001337a 4500
008
171101b xxu||||| |||| 00| 0 eng d
020
_a
9780324288520
041
_a
eng
080
_a
33
100
_a
59
101
_a
GLO
245
_a
GLOBAL STRATEGY
_c
PENG.M.W
942
_2
udc
_c
BK
999
_c
37095
_d
37095